Govt. of
Madhya Pradesh

The Life & Times of Ram Prasad Bismil (Record no. 60055)

MARC details
000 -LEADER
fixed length control field 00369nam a22001457a 4500
003 - CONTROL NUMBER IDENTIFIER
control field MACL
005 - DATE AND TIME OF LATEST TRANSACTION
control field 20190604172512.0
008 - FIXED-LENGTH DATA ELEMENTS--GENERAL INFORMATION
fixed length control field 190604b xxu||||| |||| 00| 0 eng d
040 ## - CATALOGING SOURCE
Transcribing agency MACL
100 ## - MAIN ENTRY--PERSONAL NAME
Personal name Singh,Sharad
9 (RLIN) 75243
245 ## - TITLE STATEMENT
Title The Life & Times of Ram Prasad Bismil
260 ## - PUBLICATION, DISTRIBUTION, ETC. (IMPRINT)
Place of publication, distribution, etc. Delhi
Name of publisher, distributor, etc. Saint Joseph Pub.
Date of publication, distribution, etc. 2018
650 ## - SUBJECT ADDED ENTRY--TOPICAL TERM
Topical term or geographic name as entry element Biography
9 (RLIN) 75244
942 ## - ADDED ENTRY ELEMENTS (KOHA)
Source of classification or shelving scheme
Koha item type Books
Holdings
Withdrawn status Lost status Source of classification or shelving scheme Damaged status Not for loan Home library Current library Date acquired Cost, normal purchase price Total Checkouts Full call number Barcode Date last seen Price effective from Koha item type
          MACL MACL 04/06/2019 350.00   920/SIN CRE035567 02/05/2024 04/06/2019 Books